000 00456nam a22001817a 4500
003 LK-CoDNM
005 20250205132518.0
008 250131b |||||||| |||| 00| 0 eng d
040 _aLK-CoDNM
_dLK-CoDNM
_eLK-CoDNM
041 _aeng
080 _a84
245 _aValium Rochefor the Tretment of emotional disorder
260 _aswisterland
_bHoffmann
_c1953
300 _a54P. : ill ; 24 cm
490 _vpart 2
650 _ascience
942 _cBK
999 _c237786
_d237786